The industrial arts in Spain (Record no. 7978)

MARC details
000 -CABECERA
campo de control de longitud fija 00659nam a2200229 a 4500
001 - NÚMERO DE CONTROL
campo de control BRCA_8310
005 - FECHA Y HORA DE LA ÚLTIMA TRANSACCIÓN
campo de control 20190320210224.0
008 - DATOS DE LONGITUD FIJA--INFORMACIÓN GENERAL
campo de control de longitud fija 230614s1879----enka###f##---#000-0#eng-#
041 ## - CÓDIGO DE LENGUA
Código de lengua del texto/banda sonora o título independiente eng
044 ## - CÓDIGO DEL PAÍS DE LA ENTIDAD EDITORA/PRODUCTORA
Código MARC del país enk
050 #4 - SIGNATURA TOPOGRÁFICA DE LA BIBLIOTECA DEL CONGRESO
Número de clasificación NK9999
Número de documento/Ítem .R53 1879
100 1# - ENTRADA PRINCIPAL--NOMBRE DE PERSONA
Nombre de persona Riaño, Juan Facundo
Fechas asociadas al nombre 1829-1901
9 (RLIN) 20747
245 10 - MENCIÓN DE TÍTULO
Título The industrial arts in Spain
Mención de responsabilidad, etc. by Juan F. Riaño.
260 ## - PUBLICACIÓN, DISTRIBUCIÓN, ETC.
Lugar de publicación, distribución, etc. Picadilly (Ingalterra)
Nombre del editor, distribuidor, etc. Chapman & Hall
Fecha de publicación, distribución, etc. 1879
300 ## - DESCRIPCIÓN FÍSICA
Extensión 276 p.
Otras características físicas il.
Dimensiones 20 cm.
440 #0 - MENCIÓN DE SERIE/PUNTO DE ACCESO ADICIONAL--TÍTULO
Título South Kesington Museum
9 (RLIN) 20748
500 ## - NOTA GENERAL
Nota general S136
650 14 - PUNTO DE ACCESO ADICIONAL DE MATERIA--TÉRMINO DE MATERIA
Término de materia o nombre geográfico como elemento de entrada Arte industrial
Subdivisión geográfica España
9 (RLIN) 20749
650 14 - PUNTO DE ACCESO ADICIONAL DE MATERIA--TÉRMINO DE MATERIA
Término de materia o nombre geográfico como elemento de entrada Arte industrial
Subdivisión de forma Exposiciones
9 (RLIN) 20750
902 ## - CATALOGADOR
Iniciales GFM
942 ## - ELEMENTOS DE PUNTO DE ACCESO ADICIONAL (KOHA)
Fuente del sistema de clasificación o colocación Library of Congress Classification
Tipo de ítem Koha Libros
Holdings
Estado de retiro Estado de pérdida Estado dañado No para préstamo Localización permanente Ubicación/localización actual Fecha de adquisición Número de inventario Total de préstamos Signatura topográfica completa Código de barras Fecha visto por última vez Precio válido a partir de Tipo de ítem Koha
El ejemplar forma parte de la colección y puede ser consultado según las políticas vigentes.       Biblioteca del Museo Franz Mayer (Rogerio Casas-Alatriste) Biblioteca del Museo Franz Mayer (Rogerio Casas-Alatriste) 23/06/2014 S136   NK9999 .R53 1879 (S136) 8934 22/03/2019 22/03/2019 Libros